| 000 | 00330nam a22001217a 4500 | ||
|---|---|---|---|
| 999 |
_c9924 _d9924 |
||
| 003 | OSt | ||
| 008 | 201203b ||||| |||| 00| 0 eng d | ||
| 245 | _aCHARTERED SECRETARY | ||
| 250 | _a2019(Apr Vol.49 No.4, May Vol.49 No.5, Aug Vol.49 No.8, Sep Vol.49 No.9) | ||
| 260 |
_bICSI _aNew Delhi |
||
| 650 | _aManagement | ||
| 942 |
_2ddc _cBV |
||